000357534 001__ 357534
000357534 005__ 20250210173118.0
000357534 0247_ $$aG:(GEPRIS)547264389$$d547264389
000357534 035__ $$aG:(GEPRIS)547264389
000357534 040__ $$aGEPRIS$$chttp://gepris.its.kfa-juelich.de
000357534 150__ $$aWebcam-basiertes Eye Tracking: Ein innovatives Verfahren in der Unterrichts- und Lehrerbildungsforschung zur Untersuchung der visuellen Kompetenz von Lehrpersonen$$y2024 -
000357534 371__ $$aDr. Christian Kosel
000357534 450__ $$aDFG project G:(GEPRIS)547264389$$wd$$y2024 -
000357534 5101_ $$0I:(DE-588b)2007744-0$$aDeutsche Forschungsgemeinschaft$$bDFG
000357534 680__ $$a
000357534 909CO $$ooai:juser.fz-juelich.de:1038998$$pauthority:GRANT$$pauthority
000357534 909CO $$ooai:juser.fz-juelich.de:1038998
000357534 980__ $$aG
000357534 980__ $$aAUTHORITY